|
|
|
|
| LEADER |
00000nas a22000001a 4500 |
| 001 |
vtls010301038 |
| 003 |
SK-MaSNL |
| 005 |
20260228162923.0 |
| 008 |
110810d19521952xo mr p r 0 b0slo |
| 015 |
|
|
|a SNBDS17XX9999
|
| 015 |
|
|
|a 0064
|2 Balúnová 1945-60
|
| 038 |
|
|
|a SNKBUDS
|
| 040 |
|
|
|a SNK
|b slo
|c SNK
|e AACR2
|
| 041 |
0 |
|
|a slo
|
| 044 |
|
|
|a xo
|c SK
|
| 080 |
|
|
|a 334.735
|2 2001
|
| 245 |
0 |
0 |
|a Bratislavská jednota
|b časopis zamestnancov OSD Jednoty v Bratislave
|
| 260 |
|
|
|a Bratislava
|b ZS ROH pri Občianskom spotrebnom družstve Jednota v Bratislave
|c 1952
|
| 300 |
|
|
|a 1 roč.
|c 21 x 30 cm
|
| 310 |
|
|
|a 1x mesačne
|
| 362 |
0 |
|
|a Roč. I, č. 1 (jan. 1952)-č. 6 (jún 1952)
|
| 500 |
|
|
|a Vych. v Bratislave mesačne
|
| 500 |
|
|
|a Zodp. zást. Július Hudák; red. krúžok
|
| 500 |
|
|
|a Vyd. ZS ROH pri Občianskom spotrebnom družstve Jednota v Bratislave
|
| 500 |
|
|
|a Tlač rozmnož. cyklostylom
|
| 500 |
|
|
|a Pov. PIO č. 5728/51-II/3 zo 17. mája 1951. Vych. od jan. 1952, posl. č. 6 z júna 1952
|
| 505 |
8 |
0 |
|g Roč. I. 1952 6 č. po 8-10 s.
|
| 580 |
|
|
|a Čas. vznikol ako náhrada za čas. Naša Budúcnosť po reorganizácii podniku
|
| 650 |
0 |
7 |
|a družstevníctvo
|2 SNKBUDS
|9 2134
|
| 650 |
0 |
7 |
|a spotrebné družstvá
|2 SNKPH
|9 2135
|
| 655 |
|
7 |
|a družstevné časopisy
|2 SNKBUDS
|9 268805
|
| 700 |
1 |
|
|a Hudák, Július
|4 pbd
|9 6217
|
| 710 |
2 |
|
|a Jednota, občianské spotrebné družstvo (Bratislava, Slovensko)
|e vydav.
|9 272511
|
| 780 |
0 |
2 |
|t Naša budúcnosť
|
| 852 |
|
|
|a SNK
|b 10000
|h ČSB 997
|
| 999 |
|
|
|c 8560
|d 10490
|